PR-SOF-2566-Non-Invasive Blood Glucose Detection (Record no. 615071)

000 -LEADER
fixed length control field 00488nam a22001337a 4500
040 ## - CATALOGING SOURCE
Transcribing agency NUST
082 ## - DEWEY DECIMAL CLASSIFICATION NUMBER
Classification number 220 PRO
100 ## - MAIN ENTRY--PERSONAL NAME
Personal name Muhammad Fawwad Hassan Haseebullah Sardar Khan Niazi Hamza Aleem Abdullah Bin Salman
9 (RLIN) 130946
110 ## - MAIN ENTRY--CORPORATE NAME
Corporate name or jurisdiction name as entry element Supervisor Asst. Prof Kamran Aziz Bhatti Co-Supervisor Col. Imran Shafi
9 (RLIN) 130947
245 ## - TITLE STATEMENT
Title PR-SOF-2566-Non-Invasive Blood Glucose Detection
260 ## - PUBLICATION, DISTRIBUTION, ETC.
Place of publication, distribution, etc. ISLAMABAD:
Name of publisher, distributor, etc. NUST COLLEGE OF EME,
Date of publication, distribution, etc. 2025.
650 ## - SUBJECT ADDED ENTRY--TOPICAL TERM
Topical term or geographic name entry element DE-ELECT-43
9 (RLIN) 130873
942 ## - ADDED ENTRY ELEMENTS (KOHA)
Source of classification or shelving scheme
Koha item type Project Report
Holdings
Withdrawn status Lost status Source of classification or shelving scheme Damaged status Not for loan Permanent Location Current Location Shelving location Date acquired Total Checkouts Full call number Barcode Date last seen Price effective from Koha item type
          College of Electrical & Mechanical Engineering (CEME) College of Electrical & Mechanical Engineering (CEME) Reference 10/06/2025   220 PRO PR-SOF-2566 10/06/2025 10/06/2025 Project Report
© 2023 Central Library, National University of Sciences and Technology. All Rights Reserved.